000 00308pam a2200133 a 4500
020 _c
041 _h
082 _bTAN
100 _aTanner, A.E.
245 _aTobacco From The Grower To The Smoker
_hTextual Documents
260 _aLondon
_bSir Isaac Pitman And Sons
300 _a114/LB
930 _a11887
999 _c118709
_d118709